[Event "la-Grande 2014"]
[Site "Cappelle-la-Grande (FRA)"]
[Date "????.??.??"]
[Round "1.26"]
[White "Popovic, Dusan"]
[Black "Kalinina, Olga"]
[Result "1-0"]
[WhiteElo "2553"]
[BlackElo "2303"]
[PlyCount "63"]
[EventDate "2014.03.01"]
[EventType "team-tourn"]
[EventCountry "FRA"]

1. e4 c5 2. Nf3 e6 3. d3 Nc6 4. g3 g6 5. Bg5 Qb6 6. Nbd2 Bg7 7. Rb1 d5 8. Bg2
h6 9. exd5 exd5 10. Be3 Be6 11. b4 Nxb4 12. a3 d4 13. Bf4 Ba2 14. O-O Bxb1 15.
Nc4 Bxc2 16. Qd2 Qa6 17. axb4 Ne7 18. Nd6+ Kf8 19. Qxc2 Kg8 20. bxc5 Rf8 21.
Ne5 g5 22. Bxb7 Qa5 23. Nexf7 gxf4 24. Qc4 Bf6 25. Ng5+ Kg7 26. Ne6+ Kh7 27.
Be4+ Ng6 28. Nxf4 Rhg8 29. Rb1 Be5 30. Nxg6 Rxg6 31. Bxg6+ Kxg6 32. Qe6+ 1-0

[Event "la-Grande 2014"]
[Site "Cappelle-la-Grande (FRA)"]
[Date "????.??.??"]
[Round "1.27"]
[White "Klinova, Masha"]
[Black "Djukic, Nikola"]
[Result "1/2-1/2"]
[WhiteElo "2302"]
[BlackElo "2551"]
[PlyCount "82"]
[EventDate "2014.03.01"]
[EventType "team-tourn"]
[EventCountry "FRA"]

1. e4 d5 2. exd5 Qxd5 3. Nc3 Qd8 4. d4 Nf6 5. Nf3 Bg4 6. h3 Bxf3 7. Qxf3 c6 8.
Be3 e6 9. Bd3 Nbd7 10. O-O Bd6 11. Ne4 Nxe4 12. Bxe4 Nf6 13. Bd3 Nd5 14. Bd2
Qf6 15. Qxf6 gxf6 16. Be4 f5 17. Bf3 O-O-O 18. Rfd1 Be7 19. c4 Nb6 20. Ba5 Rd7
21. Bxb6 axb6 22. d5 cxd5 23. cxd5 e5 24. Rac1+ Kb8 25. Be2 Rhd8 26. Bc4 Bc5
27. Kf1 Rd6 28. Rc3 f4 29. Rc2 Rg8 30. Re2 Rdg6 31. Rxe5 Rxg2 32. Re8+ Kc7 33.
Rxg8 Rxg8 34. d6+ Bxd6 35. Bxf7 Rg5 36. Bd5 Be5 37. b3 b5 38. Bf3 b4 39. Rd5
Bf6 40. Rxg5 Bxg5 41. Ke2 b6 1/2-1/2

[Event "la-Grande 2014"]
[Site "Cappelle-la-Grande (FRA)"]
[Date "????.??.??"]
[Round "1.28"]
[White "Szabo, Gergely-Andras-Gyul"]
[Black "Schmitt, Andre"]
[Result "1/2-1/2"]
[WhiteElo "2551"]
[BlackElo "2301"]
[PlyCount "85"]
[EventDate "2014.03.01"]
[EventType "team-tourn"]
[EventCountry "FRA"]

1. d4 Nf6 2. Nf3 g6 3. Nbd2 d5 4. e3 Bg7 5. b4 O-O 6. c4 Nbd7 7. Bb2 b6 8. Qb3
e6 9. b5 a6 10. a4 Bb7 11. Be2 axb5 12. cxb5 Ne4 13. O-O Nxd2 14. Nxd2 e5 15.
dxe5 Nxe5 16. Rfd1 Qh4 17. Bxe5 Bxe5 18. Nf3 Qf6 19. Nxe5 Qxe5 20. Rac1 Rfd8
21. Bf3 Rd7 22. Rd4 Re7 23. Bxd5 Bxd5 24. Rxd5 Qe6 25. Rc6 Qe4 26. h3 Rxa4 27.
Rd1 Ra5 28. Rcc1 Qe5 29. Rd5 Ra1 30. Rxa1 Qxa1+ 31. Kh2 Kg7 32. Rd4 Re6 33. Qb4
Rd6 34. Re4 Qf6 35. f4 Re6 36. Rxe6 Qxe6 37. e4 f6 38. Kg3 g5 39. Qc3 gxf4+ 40.
Kxf4 Qd7 41. e5 Qxb5 42. Qxc7+ Kg6 43. Qc2+ 1/2-1/2

[Event "la-Grande 2014"]
[Site "Cappelle-la-Grande (FRA)"]
[Date "????.??.??"]
[Round "1.29"]
[White "Wacker, Peter"]
[Black "Miezis, Normunds"]
[Result "1/2-1/2"]
[WhiteElo "2300"]
[BlackElo "2548"]
[PlyCount "133"]
[EventDate "2014.03.01"]
[EventType "team-tourn"]
[EventCountry "FRA"]

1. e4 c5 2. c3 d5 3. exd5 Qxd5 4. d4 e6 5. Nf3 Nf6 6. Na3 cxd4 7. Nb5 Na6 8.
Qxd4 Qxd4 9. Nfxd4 Be7 10. Bf4 O-O 11. Be2 Nd5 12. Bd6 Nc5 13. Bxe7 Nxe7 14.
O-O-O Ne4 15. Rhf1 a6 16. Na3 e5 17. Nf3 f6 18. Nd2 Nc5 19. Nb3 Nxb3+ 20. axb3
b5 21. b4 Be6 22. Bf3 Ra7 23. Rd6 Bb3 24. Bd1 Bf7 25. Bc2 Nc8 26. Rd2 g6 27.
Rfd1 Be6 28. b3 Rc7 29. Kb2 Kf7 30. c4 bxc4 31. bxc4 Ke7 32. Bb3 Na7 33. c5 Nc6
34. Bxe6 Kxe6 35. Kc3 Rb8 36. Rb1 Nd4 37. Kc4 Rd7 38. Rbb2 Rbd8 39. Nb1 Nb5 40.
Rxd7 Rxd7 41. Ra2 Rd4+ 42. Kb3 Nc7 43. Nc3 e4 44. Ne2 Rd8 45. Nc3 Ke5 46. Re2
f5 47. Ra2 Rd3 48. Kc4 g5 49. Ra5 Rd2 50. c6+ Ke6 51. g4 Rxf2 52. gxf5+ Rxf5
53. Nxe4 Rf4 54. Kd3 h6 55. Nc5+ Kd6 56. Nxa6 Nxa6 57. Rxa6 Rxb4 58. c7+ Kxc7
59. Rxh6 Kd7 60. Ke3 Ke7 61. Kf3 Kf7 62. Kg3 Kg7 63. Rc6 Rf4 64. Rb6 Rf6 65.
Rxf6 Kxf6 66. h4 gxh4+ 67. Kxh4 1/2-1/2

[Event "la-Grande 2014"]
[Site "Cappelle-la-Grande (FRA)"]
[Date "????.??.??"]
[Round "1.30"]
[White "Arizmendi Martinez, Julen Luis"]
[Black "Bouget, Alexandre"]
[Result "1/2-1/2"]
[WhiteElo "2547"]
[BlackElo "2295"]
[PlyCount "46"]
[EventDate "2014.03.01"]
[EventType "team-tourn"]
[EventCountry "FRA"]

1. Nf3 Nf6 2. c4 g6 3. Nc3 d5 4. cxd5 Nxd5 5. e4 Nxc3 6. bxc3 Bg7 7. Be2 c5 8.
O-O Nc6 9. Qa4 Bd7 10. Qa3 Rc8 11. Rb1 Rc7 12. d4 cxd4 13. cxd4 Nxd4 14. Nxd4
Bxd4 15. Rd1 e5 16. Rxd4 exd4 17. Qd6 f6 18. Bf4 Rc6 19. Qxd4 Be6 20. Qxa7 O-O
21. Qxb7 Qa8 22. Qxa8 Rxa8 23. Bb5 Rb6 1/2-1/2

[Event "la-Grande 2014"]
[Site "Cappelle-la-Grande (FRA)"]
[Date "????.??.??"]
[Round "1.31"]
[White "Chu, Wei Chao"]
[Black "Malakhatko, Vadim"]
[Result "0-1"]
[WhiteElo "2288"]
[BlackElo "2547"]
[PlyCount "86"]
[EventDate "2014.03.01"]
[EventType "team-tourn"]
[EventCountry "FRA"]

1. d4 e6 2. c4 Bb4+ 3. Nd2 d5 4. a3 Be7 5. Ngf3 Nf6 6. e3 O-O 7. Bd3 b6 8. cxd5
exd5 9. b4 c6 10. O-O a5 11. b5 c5 12. dxc5 bxc5 13. Bb2 Bb7 14. Rc1 Nbd7 15.
Bb1 a4 16. Qc2 Qb6 17. Ne5 g6 18. Ndf3 Qxb5 19. Qc3 Qa5 20. Nxd7 Qxc3 21. Nxf6+
Qxf6 22. Bxf6 Bxf6 23. Rxc5 Rfc8 24. Rfc1 Bb2 25. Rxc8+ Rxc8 26. Rxc8+ Bxc8 27.
Ba2 Bb7 28. Nd4 Bxa3 29. Nb5 Bb2 30. Nd6 Bc6 31. e4 dxe4 32. Nxf7 Kg7 33. Kf1
Kf6 34. Ke2 Be5 35. Nd8 Bb5+ 36. Ke3 Bc7 37. Ne6 Bb6+ 38. Kxe4 Bc6+ 39. Kd3
Bxf2 40. g3 g5 41. Nd4 Bxd4 42. Kxd4 Bd7 43. Bg8 h6 0-1

[Event "la-Grande 2014"]
[Site "Cappelle-la-Grande (FRA)"]
[Date "????.??.??"]
[Round "1.32"]
[White "Maze, Sebastien"]
[Black "Safranska, Anda"]
[Result "1-0"]
[WhiteElo "2545"]
[BlackElo "2282"]
[PlyCount "117"]
[EventDate "2014.03.01"]
[EventType "team-tourn"]
[EventCountry "FRA"]

1. e4 g6 2. Nc3 Bg7 3. f4 c6 4. d3 d5 5. Qe2 Na6 6. Nf3 Bg4 7. h3 Bxf3 8. Qxf3
e6 9. Be2 Ne7 10. O-O O-O 11. Kh1 Nc7 12. Nd1 f5 13. e5 c5 14. Nf2 Nc6 15. Qg3
Kh8 16. h4 Rg8 17. Nh3 Bf8 18. Qf2 Be7 19. g3 h6 20. Be3 b6 21. Bf3 Qd7 22. Rg1
h5 23. c4 Rad8 24. Rgd1 Qe8 25. Bg2 Rg7 26. Qe1 Bf8 27. Nf2 Kh7 28. Kh2 Kh8 29.
b3 Kh7 30. a3 Rgd7 31. Rdb1 a5 32. Nh3 Rb8 33. Ng5+ Kg7 34. Nf3 Rdd8 35. Bf2
Rd7 36. Qg1 Be7 37. Ne1 Bf8 38. Nc2 Qc8 39. Ne3 Ne7 40. b4 axb4 41. axb4 d4 42.
Nc2 Ng8 43. bxc5 bxc5 44. Rxb8 Qxb8 45. Rb1 Qc8 46. Rb6 Nh6 47. Qb1 Ng4+ 48.
Kg1 Nxf2 49. Kxf2 Rf7 50. Na3 Qd8 51. Bc6 Qc8 52. Bf3 Qd8 53. Kg2 Kg8 54. Kh3
Kg7 55. Nc2 Qd7 56. Qb3 Qc8 57. Qa4 Ne8 58. Na3 Qd8 59. Rxe6 1-0

[Event "la-Grande 2014"]
[Site "Cappelle-la-Grande (FRA)"]
[Date "????.??.??"]
[Round "1.33"]
[White "Wahedi, Ahmad Siar"]
[Black "Heberla, Bartlomiej"]
[Result "0-1"]
[WhiteElo "2276"]
[BlackElo "2544"]
[PlyCount "62"]
[EventDate "2014.03.01"]
[EventType "team-tourn"]
[EventCountry "FRA"]

1. e4 c5 2. a3 g6 3. h4 Bg7 4. Nc3 Nc6 5. Bc4 e6 6. h5 Nge7 7. d3 d5 8. exd5
exd5 9. Ba2 Be6 10. Bf4 Qb6 11. Qc1 Nd4 12. Rb1 O-O 13. Kf1 c4 14. Bh6 Bxh6 15.
Qxh6 Ndf5 16. Qf4 cxd3 17. g4 dxc2 18. Re1 Qd4 19. Qh2 Qxg4 20. hxg6 h6 21. g7
Rfc8 22. Nge2 d4 23. Bxe6 fxe6 24. Rg1 Qf3 25. Nxd4 Ne3+ 26. Rxe3 c1=Q+ 27. Re1
Qd3+ 28. Nde2 Qcd2 29. Rg3 Qc4 30. Re3 Nf5 31. Re4 Qdxc3 0-1

[Event "la-Grande 2014"]
[Site "Cappelle-la-Grande (FRA)"]
[Date "????.??.??"]
[Round "1.34"]
[White "Rusev, Krasimir"]
[Black "Maisuradze, Nino"]
[Result "1-0"]
[WhiteElo "2541"]
[BlackElo "2274"]
[PlyCount "77"]
[EventDate "2014.03.01"]
[EventType "team-tourn"]
[EventCountry "FRA"]

1. Nf3 d5 2. c4 e6 3. g3 Nf6 4. Bg2 c5 5. cxd5 Nxd5 6. Nc3 Be7 7. O-O O-O 8. d4
Nc6 9. Nxd5 exd5 10. dxc5 Bxc5 11. Bg5 f6 12. Bf4 Be6 13. Ne1 Rc8 14. Nd3 Bb6
15. Rc1 Qe7 16. a3 Rfd8 17. b4 a5 18. Bd2 axb4 19. Bxb4 Nxb4 20. Rxc8 Rxc8 21.
Nxb4 d4 22. Bd5 Kh8 23. Bxe6 Qxe6 24. Nd3 Ba5 25. Nf4 Qc4 26. Qb1 b5 27. Qf5
Bd2 28. Nd3 Re8 29. Qh5 Qe6 30. Rd1 Bg5 31. h4 g6 32. Qf3 Bh6 33. Rb1 Qxe2 34.
Qxf6+ Bg7 35. Qc6 Rf8 36. Qxb5 Rf3 37. Qc4 Rf8 38. a4 Be5 39. Re1 1-0

[Event "la-Grande 2014"]
[Site "Cappelle-la-Grande (FRA)"]
[Date "????.??.??"]
[Round "1.35"]
[White "Gajek, Radoslaw"]
[Black "Timoshenko, Georgy"]
[Result "1/2-1/2"]
[WhiteElo "2270"]
[BlackElo "2531"]
[PlyCount "40"]
[EventDate "2014.03.01"]
[EventType "team-tourn"]
[EventCountry "FRA"]

1. d4 Nf6 2. c4 e6 3. g3 d5 4. Nf3 dxc4 5. Bg2 Nc6 6. O-O Rb8 7. a4 a6 8. Na3
Bxa3 9. Rxa3 O-O 10. Bg5 h6 11. Bh4 b5 12. e4 b4 13. Re3 e5 14. d5 Na5 15. Bxf6
Qxf6 16. Qc2 c5 17. Nd2 c3 18. bxc3 b3 19. Qd3 Bd7 20. Nc4 Nxc4 1/2-1/2

[Event "la-Grande 2014"]
[Site "Cappelle-la-Grande (FRA)"]
[Date "????.??.??"]
[Round "1.36"]
[White "Kveinys, Aloyzas"]
[Black "Nemcova, Katerina"]
[Result "1-0"]
[WhiteElo "2530"]
[BlackElo "2267"]
[PlyCount "97"]
[EventDate "2014.03.01"]
[EventType "team-tourn"]
[EventCountry "FRA"]

1. d4 Nf6 2. Nf3 e6 3. Bf4 d5 4. e3 c5 5. c3 Nbd7 6. Nbd2 Be7 7. Bd3 O-O 8. Ne5
b6 9. Nc6 Qe8 10. Nf3 Bb7 11. Nxe7+ Qxe7 12. Ne5 Ne4 13. Nxd7 Qxd7 14. O-O Rfd8
15. Qe2 a5 16. Rad1 Qc8 17. f3 Nd6 18. e4 cxd4 19. cxd4 Ba6 20. Bxa6 Qxa6 21.
Qxa6 Rxa6 22. Bxd6 Rxd6 23. Rc1 Ra8 24. e5 Rd7 25. Rc6 Rb8 26. Rfc1 Kf8 27. Kf2
Ke7 28. Ke3 f6 29. f4 h6 30. g4 fxe5 31. dxe5 d4+ 32. Kd3 b5 33. Ra6 Rf8 34.
Rf1 h5 35. f5 hxg4 36. Rxe6+ Kd8 37. Ra6 Kc7 38. Ra7+ Kd8 39. Rxd7+ Kxd7 40.
Kxd4 Rh8 41. Rf4 Rxh2 42. Rxg4 Rxb2 43. Rxg7+ Kc6 44. Rg6+ Kd7 45. Kc5 Rc2+ 46.
Kxb5 Rf2 47. Rd6+ Ke8 48. f6 Rxa2 49. e6 1-0

[Event "la-Grande 2014"]
[Site "Cappelle-la-Grande (FRA)"]
[Date "????.??.??"]
[Round "1.37"]
[White "Ruecker, Benjamin"]
[Black "Jovanic, Ognjen"]
[Result "0-1"]
[WhiteElo "2265"]
[BlackElo "2526"]
[PlyCount "64"]
[EventDate "2014.03.01"]
[EventType "team-tourn"]
[EventCountry "FRA"]

1. d4 Nf6 2. c4 c6 3. Nc3 d5 4. e3 a6 5. Qc2 g6 6. Bd3 Bg7 7. Nf3 O-O 8. O-O
Bg4 9. Ne5 Be6 10. b3 Nbd7 11. Nxd7 Bxd7 12. Ba3 Re8 13. Rac1 e5 14. dxe5 Rxe5
15. Bd6 Re8 16. cxd5 Bg4 17. Bc5 Nxd5 18. Nxd5 Qxd5 19. e4 Qd7 20. h3 Be6 21.
Rfd1 Qc7 22. Be3 Rad8 23. b4 Bd4 24. Bg5 f6 25. Bd2 Bxh3 26. Bc4+ Kg7 27. Bf1
Be6 28. a4 Qf7 29. Bc4 Bxc4 30. Qxc4 Qxc4 31. Rxc4 Rxe4 32. Bc3 Bxc3 0-1

[Event "la-Grande 2014"]
[Site "Cappelle-la-Grande (FRA)"]
[Date "????.??.??"]
[Round "1.38"]
[White "Hovhanisian, Mher"]
[Black "Grabinsky, Vladimir"]
[Result "1/2-1/2"]
[WhiteElo "2526"]
[BlackElo "2263"]
[PlyCount "66"]
[EventDate "2014.03.01"]
[EventType "team-tourn"]
[EventCountry "FRA"]

1. e4 e5 2. Nf3 Nc6 3. Nc3 Nf6 4. Bb5 Bb4 5. O-O O-O 6. d3 d6 7. Bg5 Ne7 8. Nh4
c6 9. Bc4 d5 10. exd5 cxd5 11. Bxf6 gxf6 12. Bb3 Bxc3 13. bxc3 a5 14. a4 Ng6
15. Qh5 Nf4 16. Qf3 Kh8 17. g3 Rg8 18. Kh1 Bg4 19. Qe3 Ne6 20. f3 Bh3 21. Rf2
Rc8 22. d4 exd4 23. cxd4 Re8 24. g4 Ng7 25. Qf4 Qc7 26. Qxc7 Rxc7 27. Bxd5 Re3
28. Rd2 f5 29. gxf5 Nxf5 30. Ng2 Rec3 31. Nf4 Ne3 32. Be4 Bf5 33. Bxf5 Nxf5
1/2-1/2

[Event "la-Grande 2014"]
[Site "Cappelle-la-Grande (FRA)"]
[Date "????.??.??"]
[Round "1.39"]
[White "Sadikhov, Ulvi"]
[Black "Dgebuadze, Alexandre"]
[Result "1/2-1/2"]
[WhiteElo "2263"]
[BlackElo "2521"]
[PlyCount "48"]
[EventDate "2014.03.01"]
[EventType "team-tourn"]
[EventCountry "FRA"]

1. e4 e6 2. d4 d5 3. Nc3 Bb4 4. e5 c5 5. Bd2 c4 6. b3 Nc6 7. Nf3 Bxc3 8. Bxc3
b5 9. Bd2 Bd7 10. a4 a6 11. a5 Nge7 12. b4 O-O 13. c3 f6 14. exf6 Rxf6 15. g3
Qf8 16. Bg2 Be8 17. Bg5 Rf5 18. h3 Nc8 19. O-O Nd6 20. g4 Rf7 21. Nd2 Ne7 22.
Qe2 Bd7 23. Bxe7 Rxe7 24. Nf3 Ne8 1/2-1/2

[Event "la-Grande 2014"]
[Site "Cappelle-la-Grande (FRA)"]
[Date "????.??.??"]
[Round "1.40"]
[White "Maiorov, Nikita"]
[Black "Von Meijenfeldt, Bart"]
[Result "1-0"]
[WhiteElo "2520"]
[BlackElo "2263"]
[PlyCount "53"]
[EventDate "2014.03.01"]
[EventType "team-tourn"]
[EventCountry "FRA"]

1. d4 Nf6 2. c4 g6 3. Nf3 Bg7 4. g3 O-O 5. Bg2 d6 6. O-O Nc6 7. d5 Na5 8. Nfd2
c5 9. a3 Nd7 10. Ra2 Qc7 11. Qc2 b5 12. cxb5 c4 13. a4 Bb7 14. Nc3 Rac8 15. Nf3
Nb3 16. Bg5 Nb6 17. Rd1 e6 18. e4 a5 19. Be3 e5 20. Ne2 h6 21. Nc1 Nc5 22. Nd2
f5 23. f3 Rf7 24. Nxc4 Ncxa4 25. b3 Nxc4 26. bxc4 Qxc4 27. Qxa4 1-0

[Event "la-Grande 2014"]
[Site "Cappelle-la-Grande (FRA)"]
[Date "????.??.??"]
[Round "1.41"]
[White "Collas, Silvia"]
[Black "Rombaldoni, Axel"]
[Result "1/2-1/2"]
[WhiteElo "2260"]
[BlackElo "2518"]
[PlyCount "71"]
[EventDate "2014.03.01"]
[EventType "team-tourn"]
[EventCountry "FRA"]

1. c4 Nf6 2. Nc3 g6 3. g3 d5 4. cxd5 Nxd5 5. Bg2 Nxc3 6. bxc3 Bg7 7. Rb1 Nc6 8.
Qc2 O-O 9. Nf3 b6 10. O-O Bb7 11. Bb2 e5 12. d3 Re8 13. Rfd1 Qe7 14. Nd2 Nd8
15. e4 Ne6 16. Nc4 Red8 17. a4 Bc6 18. Nxe5 Bxe5 19. d4 Qe8 20. Ra1 Bg7 21. d5
Bb7 22. dxe6 Qxe6 23. a5 Rxd1+ 24. Rxd1 bxa5 25. Ra1 Qb6 26. Bc1 Qc5 27. Be3
Qxc3 28. Qxc3 Bxc3 29. Rc1 Bg7 30. Rxc7 a4 31. Rxb7 a3 32. e5 a2 33. Bd4 Rd8
34. Rxa7 Rxd4 35. Ra8+ Bf8 36. Rxa2 1/2-1/2

[Event "la-Grande 2014"]
[Site "Cappelle-la-Grande (FRA)"]
[Date "????.??.??"]
[Round "1.43"]
[White "Bernard, Christophe"]
[Black "Lagarde, Maxime"]
[Result "0-1"]
[WhiteElo "2257"]
[BlackElo "2514"]
[PlyCount "84"]
[EventDate "2014.03.01"]
[EventType "team-tourn"]
[EventCountry "FRA"]

1. d4 f5 2. Nf3 Nf6 3. g3 g6 4. Bg2 Bg7 5. O-O O-O 6. c4 d6 7. Nc3 c6 8. b3 Qe8
9. Qc2 Na6 10. Bb2 e5 11. dxe5 dxe5 12. Ba3 c5 13. e4 f4 14. Rad1 Nh5 15. Nb5
Bg4 16. Rd5 Qe7 17. Qd2 Nb4 18. Rxc5 Qxc5 19. Bxb4 Qb6 20. Bxf8 Rxf8 21. Qd5+
Be6 22. Qd6 fxg3 23. Qxb6 gxh2+ 24. Kxh2 axb6 25. Ng5 Nf4 26. Rd1 Bg4 27. Bf3
Nh3 28. Bxg4 Nxg5 29. Kg2 h5 30. Be2 Nxe4 31. f3 Ng5 32. Rd6 e4 33. f4 Rxf4 34.
Rxg6 Nf3 35. Kg3 Rf8 36. Nc7 h4+ 37. Kg2 Ne5 38. Rxg7+ Kxg7 39. Ne6+ Kg8 40.
Nxf8 Kxf8 41. Kh3 Nf3 42. Bd1 Nd4 0-1

[Event "la-Grande 2014"]
[Site "Cappelle-la-Grande (FRA)"]
[Date "????.??.??"]
[Round "1.44"]
[White "Kurajica, Bojan"]
[Black "Capone, Nicola"]
[Result "1-0"]
[WhiteElo "2505"]
[BlackElo "2251"]
[PlyCount "83"]
[EventDate "2014.03.01"]
[EventType "team-tourn"]
[EventCountry "FRA"]

1. d4 Nf6 2. Nf3 g6 3. g3 Bg7 4. Bg2 d6 5. b3 O-O 6. Bb2 c5 7. c4 Nc6 8. O-O
Bg4 9. d5 Bxf3 10. Bxf3 Nd4 11. Bg2 Rb8 12. e3 Nf5 13. Nc3 Ne8 14. Bh3 a6 15.
Qd3 b5 16. Bxf5 gxf5 17. cxb5 axb5 18. Qxf5 Qc8 19. Qc2 Nf6 20. e4 Qh3 21. f3
Rfc8 22. Ne2 Qd7 23. Qd2 Kh8 24. Kh1 Ne8 25. Bxg7+ Nxg7 26. g4 e5 27. Rg1 f6
28. Raf1 Ra8 29. Rg2 Ra3 30. f4 c4 31. g5 fxg5 32. fxe5 dxe5 33. Rxg5 cxb3 34.
Qb4 Raa8 35. Qxb3 Rg8 36. Ng1 Qe7 37. Qg3 Rxa2 38. Nf3 Ra3 39. Qxe5 Qf8 40. Rf5
Qe8 41. Ng5 h6 42. Rf6 1-0

[Event "la-Grande 2014"]
[Site "Cappelle-la-Grande (FRA)"]
[Date "????.??.??"]
[Round "1.45"]
[White "Sgircea, Silvia-Raluca"]
[Black "Chernyshov, Konstantin"]
[Result "0-1"]
[WhiteElo "2245"]
[BlackElo "2504"]
[PlyCount "78"]
[EventDate "2014.03.01"]
[EventType "team-tourn"]
[EventCountry "FRA"]

1. Nf3 Nf6 2. c4 b6 3. g3 Bb7 4. Bg2 e6 5. O-O Be7 6. Nc3 O-O 7. b3 d5 8. cxd5
exd5 9. d4 Ne4 10. Bb2 f5 11. Rc1 Nc6 12. Ne5 Nxe5 13. dxe5 c5 14. Qd3 Nxc3 15.
Bxc3 Qd7 16. Rfd1 Rad8 17. e3 Qe6 18. Qe2 Rd7 19. Rd2 Rfd8 20. Rcd1 g6 21. Kh1
Bc6 22. f4 b5 23. a3 d4 24. exd4 Bxg2+ 25. Qxg2 Qxb3 26. Ba5 Rxd4 27. h3 Qxd1+
28. Rxd1 Rxd1+ 29. Kh2 R8d5 30. h4 Kf7 31. Kh3 R1d3 32. Qb2 a6 33. Bc3 Ke6 34.
Kg2 Re3 35. Qc1 Re2+ 36. Kf1 Re4 37. Be1 Rd3 38. Bf2 c4 39. a4 b4 0-1

[Event "la-Grande 2014"]
[Site "Cappelle-la-Grande (FRA)"]
[Date "????.??.??"]
[Round "1.46"]
[White "Wan, Yunguo"]
[Black "Hrabinska, Myroslava"]
[Result "1-0"]
[WhiteElo "2504"]
[BlackElo "2244"]
[PlyCount "65"]
[EventDate "2014.03.01"]
[EventType "team-tourn"]
[EventCountry "FRA"]

1. e4 c5 2. Nf3 e6 3. d4 cxd4 4. Nxd4 a6 5. Bd3 Bc5 6. Nb3 Ba7 7. Qe2 Nc6 8.
Be3 d6 9. Nc3 b5 10. O-O-O Nge7 11. f4 b4 12. Na4 Bd7 13. Qf2 Bxe3+ 14. Qxe3
O-O 15. Nb6 Rb8 16. Nxd7 Qxd7 17. e5 g6 18. exd6 Nd5 19. Qc5 Nxf4 20. Bxa6 Nd5
21. Bb5 Rxb5 22. Qxb5 Qxd6 23. Kb1 Rc8 24. Qb7 Rc7 25. Qa6 Qf4 26. g3 Qf6 27.
Rhe1 Kg7 28. Qe2 h5 29. Qe4 Nb6 30. Nc5 Na5 31. Rf1 Qe7 32. Qe5+ Kg8 33. Na6
1-0

[Event "la-Grande 2014"]
[Site "Cappelle-la-Grande (FRA)"]
[Date "????.??.??"]
[Round "1.47"]
[White "Mevel, Alberic"]
[Black "Stojanovic, Dalibor"]
[Result "1/2-1/2"]
[WhiteElo "2236"]
[BlackElo "2501"]
[PlyCount "48"]
[EventDate "2014.03.01"]
[EventType "team-tourn"]
[EventCountry "FRA"]

1. e4 c5 2. Nf3 Nc6 3. Bb5 d6 4. O-O Bd7 5. c3 Nf6 6. Re1 a6 7. Ba4 b5 8. Bc2
Bg4 9. d4 cxd4 10. cxd4 Bxf3 11. gxf3 e5 12. d5 Nd4 13. Be3 Nxc2 14. Qxc2 Be7
15. Qc6+ Nd7 16. a4 O-O 17. axb5 Rc8 18. Qxa6 Bg5 19. Nc3 Bxe3 20. Rxe3 f5 21.
exf5 Nb6 22. Qa2 Rxf5 23. Ne4 Rh5 24. Ng3 Rg5 1/2-1/2

[Event "la-Grande 2014"]
[Site "Cappelle-la-Grande (FRA)"]
[Date "????.??.??"]
[Round "1.48"]
[White "Andreev, Eduard"]
[Black "Jeanne, Mickael"]
[Result "1-0"]
[WhiteElo "2499"]
[BlackElo "2234"]
[PlyCount "91"]
[EventDate "2014.03.01"]
[EventType "team-tourn"]
[EventCountry "FRA"]

1. e4 e6 2. d4 d5 3. Nd2 Nf6 4. e5 Nfd7 5. Bd3 c5 6. c3 Nc6 7. Ne2 cxd4 8. cxd4
f6 9. exf6 Nxf6 10. Nf3 Bd6 11. O-O O-O 12. Bf4 Bxf4 13. Nxf4 Ne4 14. Qc1 Ng5
15. Nxg5 Qxg5 16. Ne2 Qf6 17. Qe3 a6 18. Rad1 Bd7 19. Bb1 Rae8 20. f4 Ne7 21.
Rf3 Nf5 22. Qf2 Re7 23. g4 Nd6 24. Re1 Be8 25. g5 Qf7 26. Ng3 Bd7 27. h4 g6 28.
h5 Rc8 29. hxg6 hxg6 30. Nf1 Nf5 31. Nh2 Rc4 32. Ng4 Qg7 33. Nf6+ Kf8 34. b3
Rc8 35. Rh3 Rf7 36. Bxf5 gxf5 37. Kh1 Ke7 38. Qd2 Bc6 39. Rxe6+ Kd8 40. Qb4
Rcc7 41. Rhe3 Qh8+ 42. Kg2 Bd7 43. Nxd7 Rc2+ 44. Re2 Rxe2+ 45. Rxe2 Rxd7 46.
Rc2 1-0

[Event "la-Grande 2014"]
[Site "Cappelle-la-Grande (FRA)"]
[Date "????.??.??"]
[Round "1.49"]
[White "Donovan, Linton"]
[Black "Manolache, Marius"]
[Result "0-1"]
[WhiteElo "2233"]
[BlackElo "2495"]
[PlyCount "180"]
[EventDate "2014.03.01"]
[EventType "team-tourn"]
[EventCountry "FRA"]

1. e4 g6 2. d4 Bg7 3. Nc3 d6 4. f4 Nf6 5. Nf3 O-O 6. Bd3 Nc6 7. O-O Bg4 8. Be3
Nh5 9. Be2 e6 10. h3 Bxf3 11. Bxf3 Ng3 12. Re1 h5 13. Kh2 h4 14. Ne2 Nxe2 15.
Rxe2 d5 16. c3 a5 17. exd5 exd5 18. f5 Qd6+ 19. Kg1 Ne7 20. fxg6 Nxg6 21. Qd3
Rae8 22. Rae1 c6 23. Qf5 b5 24. Bg5 Rxe2 25. Rxe2 b4 26. Bh5 bxc3 27. bxc3 c5
28. dxc5 Qxc5+ 29. Be3 Qxc3 30. Qxd5 Qa1+ 31. Kf2 Kh8 32. Re1 Qc3 33. Rc1 Qa3
34. Qb3 Qd6 35. Kg1 Nf4 36. Bf3 Re8 37. Bf2 Qg6 38. Kf1 Nd3 39. Qb5 Re5 40.
Qb8+ Kh7 41. Rc4 Bf6 42. Rg4 Bg5 43. Bxh4 Qf6 44. Bg3 Rf5 45. Kg1 Rxf3 46. gxf3
Qxf3 47. Rxg5 Qe3+ 48. Kh2 Qxg5 49. h4 Qd2+ 50. Kh3 Qxa2 51. Qb5 Qe6+ 52. Kg2
Qe2+ 53. Kg1 Qe3+ 54. Kh2 Qe2+ 55. Kg1 Qf3 56. Kh2 Nf2 57. Bxf2 Qxf2+ 58. Kh3
Qf3+ 59. Kh2 Qf4+ 60. Kh3 a4 61. Qh5+ Kg7 62. Qc5 Qf3+ 63. Kh2 Qg4 64. Qe5+ Kh7
65. Qf6 Qg6 66. Qf3 Qc2+ 67. Kg1 Kg7 68. h5 Qc5+ 69. Kh1 Qc1+ 70. Kh2 a3 71.
Qg3+ Kh6 72. Qd6+ Kxh5 73. Qd5+ Kg6 74. Qe4+ Kf6 75. Qd4+ Ke6 76. Qe4+ Kd6 77.
Qd4+ Kc6 78. Qe4+ Kb6 79. Qb4+ Kc6 80. Qe4+ Kc5 81. Qe5+ Kb4 82. Qb8+ Kc3 83.
Qc7+ Kb2 84. Qb7+ Ka1 85. Qxf7 Kb1 86. Kh3 Qc3+ 87. Kh4 a2 88. Qf1+ Kb2 89.
Qb5+ Ka3 90. Qa6+ Kb3 0-1

[Event "la-Grande 2014"]
[Site "Cappelle-la-Grande (FRA)"]
[Date "????.??.??"]
[Round "1.50"]
[White "Hasangatin, Ramil"]
[Black "Aubry, Yannis"]
[Result "1-0"]
[WhiteElo "2494"]
[BlackElo "2231"]
[PlyCount "78"]
[EventDate "2014.03.01"]
[EventType "team-tourn"]
[EventCountry "FRA"]

1. e4 e6 2. d3 d5 3. Qe2 dxe4 4. dxe4 e5 5. Nf3 Nc6 6. c3 Nf6 7. Qc2 Bc5 8. Bb5
O-O 9. O-O Qe7 10. Bxc6 bxc6 11. Bg5 Ba6 12. c4 h6 13. Bh4 g5 14. Bg3 Nh5 15.
Nbd2 Bc8 16. Nb3 f6 17. Ne1 Rd8 18. Nd3 Bd4 19. Nxd4 Rxd4 20. f3 Be6 21. Bf2
Rxc4 22. Qd2 Rd8 23. b3 Nf4 24. bxc4 Rxd3 25. Qb2 g4 26. Bg3 Qc5+ 27. Kh1 gxf3
28. Bxf4 exf4 29. Rxf3 Rxf3 30. gxf3 Qe3 31. Qb3 Kf7 32. Qxe3 fxe3 33. Re1 Bxc4
34. Rxe3 Bxa2 35. Ra3 Be6 36. Rxa7 f5 37. Rxc7+ Kf6 38. Rxc6 fxe4 39. fxe4 Ke5
1-0

[Event "la-Grande 2014"]
[Site "Cappelle-la-Grande (FRA)"]
[Date "????.??.??"]
[Round "1.51"]
[White "Lorscheid, Gerhard"]
[Black "Lalic, Bogdan"]
[Result "1/2-1/2"]
[WhiteElo "2229"]
[BlackElo "2491"]
[PlyCount "36"]
[EventDate "2014.03.01"]
[EventType "team-tourn"]
[EventCountry "FRA"]

1. d4 d5 2. c4 dxc4 3. e3 e5 4. Bxc4 Nc6 5. d5 Na5 6. Qa4+ c6 7. dxc6 Nxc6 8.
Nf3 Bd6 9. Nc3 Nf6 10. Ng5 O-O 11. Nge4 Nxe4 12. Nxe4 Bb4+ 13. Bd2 Bxd2+ 14.
Nxd2 Qg5 15. Bd5 Rd8 16. Ne4 Qg6 17. Nc3 Bf5 18. O-O-O h6 1/2-1/2

[Event "la-Grande 2014"]
[Site "Cappelle-la-Grande (FRA)"]
[Date "????.??.??"]
[Round "1.52"]
[White "Ulibin, Mikhail"]
[Black "Goczo, Melinda"]
[Result "1-0"]
[WhiteElo "2491"]
[BlackElo "2227"]
[PlyCount "85"]
[EventDate "2014.03.01"]
[EventType "team-tourn"]
[EventCountry "FRA"]

1. d4 Nf6 2. c4 e6 3. Nc3 d5 4. cxd5 exd5 5. Bg5 Be7 6. e3 O-O 7. Bd3 Nbd7 8.
Nge2 Re8 9. O-O c6 10. f3 c5 11. Qc2 h6 12. Bh4 a6 13. Rad1 c4 14. Bf5 b5 15.
e4 dxe4 16. fxe4 Bb7 17. e5 Nd5 18. e6 N7f6 19. exf7+ Kxf7 20. Nxd5 Nxd5 21.
Qe4 Bf6 22. Bxf6 Rxe4 23. Bxd8 Rxe2 24. Bg4+ Kg8 25. Bxe2 Rxd8 26. Bf3 Rd7 27.
Rfe1 g5 28. Re8+ Kg7 29. Rde1 b4 30. Rb8 Bc6 31. Re6 Bb5 32. Bxd5 Rxd5 33. Rb7+
Kg8 34. Ree7 Rd8 35. Rg7+ Kf8 36. Rh7 Kg8 37. Rbg7+ Kf8 38. Rh8+ Kxg7 39. Rxd8
Kf7 40. Kf2 Ke7 41. Rh8 Kd7 42. Rxh6 a5 43. Rg6 1-0